Mestské kúpele Grössling
Saved in:
| Main Author: | |
|---|---|
| Other Authors: | |
| Format: | Manuscript Book |
| Language: | Slovak |
| Published: |
Bratislava
2015
|
| Subjects: | |
| Online Access: | http://is.stuba.sk/zp/portal_zp.pl?podrobnosti=112441 |
| Tags: |
No Tags, Be the first to tag this record!
|
MARC
| LEADER | 00000ntm a22000003a 4500 | ||
|---|---|---|---|
| 001 | stuzp52714 | ||
| 003 | SK-STU | ||
| 005 | 20210305063140.1 | ||
| 007 | ta | ||
| 008 | 150427s2015----xo-----f-mn---000-0-slo-d | ||
| 040 | |a STU |b slo | ||
| 041 | 0 | |a slo | |
| 100 | 1 | |a Prekop, Alan, |d 1990- |u 058180 |4 aut |U FA Fakulta architektúry |U FAD Fakulta architektúry |T FA Ústav architektúry občianskych budov |X 68297 |U A8180 |Y 399 |7 A000068297 | |
| 242 | 0 | 1 | |a City spa Grossling |y eng |
| 245 | 1 | 0 | |a Mestské kúpele Grössling |
| 260 | |c 2015 |a Bratislava | ||
| 650 | 4 | |a Grossling |2 slo | |
| 650 | 4 | |a kúpele |2 slo | |
| 650 | 4 | |a turizmus |2 slo | |
| 650 | 4 | |a tourism |2 eng | |
| 650 | 4 | |a spa |2 eng | |
| 650 | 4 | |a Grossling |2 eng | |
| 700 | 1 | |a Polakovič, Štefan |4 ths |X 70902 |7 A000070902 | |
| 856 | 4 | |u http://is.stuba.sk/zp/portal_zp.pl?podrobnosti=112441 |u https://opac.crzp.sk/?fn=detailBiblioForm&sid=E75B5E22D326BA6A9FA393CFFF20 | |
| SQL | |a stuzp52714 |b DDP |c SLO |d Mestské kúpele Grössling |e 68297 |f Prekop, Alan |g 058180 |h 70902 |i Polakovič, Štefan |j 20150604 |k 153 |l 05 |m http://is.stuba.sk/zp/portal_zp.pl?podrobnosti=112441 |n I-ARCH |o 5.1.1. architektúra a urbanizmus | ||